| 000 | 01186cab a2200217 4500 | ||
|---|---|---|---|
| 001 | ABS37621 | ||
| 008 | 090401t1987 xxu||||| |||| 00| 0 eng d | ||
| 035 | _a(Sirsi) u5635 | ||
| 041 | _aeng | ||
| 100 | _aHome, R.K. | ||
| 245 | _aPlanning decision statistics and the uses classes debate | ||
| 260 | _c1987 | ||
| 350 | _a0 | ||
| 490 |
_aJournal of Planning and Environment Law _vMarch 1987, 167(7) |
||
| 520 | _aA quantative analysis based upon statistical evidence from the DoE `s Development Control Statistics on the problems of modernising the Town and Country Planning ( Use Classes ) Order. An attempt is made to gauge the impact of changes and the extent statistics answer questions as to whether the proposed changes will reduce the volume of planning applications ; whether applications removed from planning control will be predominantly non-controversial; whether local authorities have been too restrictive with change of use applications; and finally, whether the proposals will affect the level of enforcement activity. | ||
| 650 | _aENFORCEMENT NOTICES | ||
| 650 | _aPLANNING APPEALS | ||
| 690 | _aPLANNING LAW AND PRACTICE | ||
| 942 | _n0 | ||
| 948 | _c04/03/1997 | ||
| 999 |
_c3362 _d3362 |
||